Statistics for UConn Residence Buildings

Click here to take the quiz!

General Stats

  • This quiz has been taken 11 times
  • The average score is 21 of 90

Answer Stats

TypeAnswer% Correct
RegionNorth Campus
90%
Region/SuitesSouth Campus Suites
90%
RegionWest Campus
90%
RegionTowers Quad
80%
RegionEast Campus
70%
RegionNorthwest Halls
70%
Region//HallShippee
60%
RegionAlumni
50%
Region/HallBuckley
50%
Apartment AreaCharter Oak Apartments
50%
Apartment AreaHilltop Apartments
50%
RegionHilltop Halls
50%
Region/HallWerth Tower
50%
Region/SuitesBusby Suites
40%
HallFairfield
40%
HallHale
40%
HallHartford
40%
Fraternity/Sorority HousingHusky Village
40%
Region/HallMcMahon
40%
HallShakespeare
40%
HallTolland
40%
HallAlsop
30%
HallEllsworth
30%
HallLitchfield
30%
HallNew Haven
30%
HallNew London
30%
HallRogers
30%
Suite BuildingRosebrooks
30%
Suite BuildingSnow
30%
HallSprague
30%
HallTroy
30%
HallBelden
20%
HallBrock
20%
HallChandler
20%
HallEddy
20%
Region/SuitesGarrigus Suites
20%
HallGoodyear
20%
HallGrange
20%
HallHicks
20%
HallHolcomb
20%
HallHollister
20%
HallRussell
20%
Apartment BuildingStowe
20%
HallTerry
20%
HallWatson
20%
HallWhitney
20%
HallWindham
20%
HallBaldwin
10%
Apartment BuildingBeard
10%
Apartment BuildingBrown
10%
Apartment BuildingCrandall
10%
Apartment BuildingCrawford
10%
Apartment BuildingFrench
10%
Apartment BuildingGrasso
10%
Apartment BuildingHoisington
10%
HallHurley
10%
HallKeller
10%
HallLafayette
10%
Apartment BuildingLaFlesche
10%
HallLancaster
10%
HallMcConaughy
10%
Apartment BuildingMerritt
10%
HallMiddlesex
10%
HallMorgan
10%
Apartment AreaNorthwood Apartments
10%
Apartment BuildingNovello
10%
HallSherman
10%
HallSousa
10%
HallTrumbull
10%
Apartment BuildingWheeler
10%
Suite BuildingWilson
10%
Apartment BuildingWoodhouse
10%
Apartment BuildingWu
10%
HallAllen
0%
HallBatterson
0%
HallBeecher
0%
Apartment BuildingBethune
0%
HallColt
0%
HallFenwick
0%
Apartment BuildingFoster
0%
HallHamilton
0%
HallHanks
0%
Apartment BuildingHough
0%
Apartment BuildingHubbard
0%
HallJefferson
0%
HallKingston
0%
Apartment BuildingThompson
0%
HallVinton
0%
HallWade
0%
HallWebster
0%

Score Distribution

Percentile by Number Answered

Percent of People with Each Score

Your Score History

You have not taken this quiz